| 000 | 00365nam a2200133Ia 4500 | ||
|---|---|---|---|
| 008 | 150202s9999 xx 000 0 und d | ||
| 020 | _a886776732 | ||
| 050 |
_aFIC _bFIC |
||
| 100 | _aBacon-Smith, Camille. | ||
| 245 |
_aEye of the demon / _cCamille Bacon-Smith |
||
| 260 |
_aNew York : _bDaw Books, _c1996. |
||
| 300 |
_a332 pages : _c23 cm. |
||
| 650 | _aFiction. | ||
| 999 |
_c281858 _d281858 |
||